| 000 | 01112nam a22002777a 4500 | ||
|---|---|---|---|
| 003 | BD-DhSAU | ||
| 005 | 20220829102210.0 | ||
| 008 | 160824b2019 bg abd|| |||| 001 0 eng d | ||
| 040 | _aBD-DhSAU | ||
| 082 |
_222 _a581.15 _bAl117 |
||
| 100 |
_aAlam, Muhammad Jahangir _eRegistration # 03213 |
||
| 245 |
_aMorpho-anatomical characterization and genetic analysis on Tossa jute (Chrchorus olitorius L.) / _bPh.D Thesis _cMuhammad Jahangir Alam |
||
| 260 |
_asher-e-Bangla Agricultural University _bDepartment of genetics and plant breeding _cJune, 2019 |
||
| 300 |
_axxiii, 255 p. : _bill., maps, chart ; _c30 cm. |
||
| 500 | _aPh.D thesis of Department of Genetics and Plant Breeding, Faculty of Agriculture, Sher-r-e-Bangla Agricultural University, Dhaka-1207 | ||
| 590 | _aKobir | ||
| 650 | _aGenetics and plant breeding | ||
| 650 | _aMorpho-anatomi | ||
| 650 | _aTossa Jute | ||
| 650 | _aCorchorus olitorius L. | ||
| 700 |
_aMahmud, Firoz _eChairman |
||
| 700 |
_aBhuiyan, Md. Shahidur Rashid _eMember |
||
| 700 |
_aZeba, Naheed _eMember |
||
| 700 |
_aRoy, Tuhin Suvra _qMember |
||
| 942 |
_2ddc _cPHD |
||
| 999 |
_c15954 _d15953 |
||